Fromages AOP français les plus vendus - Statistiques

Statistiques générales
  • Ce quiz a été pris 23 251 fois
    20 823 depuis la dernière actualisation
  • Le résultat moyen est 7 sur 20
Statistiques - réponses
Volume
commercialisé
(tonnes)
Fromage AOP % Correct
65 251 Comté
83%
5 464 Fourme d'Ambert
73%
13 990 Roquefort
67%
6 489 Brie de Meaux
64%
5 398 Bleu d'Auvergne
59%
13 803 Saint-Nectaire
43%
10 796 Morbier
42%
15 775 Reblochon
41%
5 340 Camembert de Normandie
40%
10 840 Cantal
35%
4 543 Maroilles
33%
5 590 Munster
29%
5 471 Mont d'Or
23%
3 624 Abondance
22%
5 211 Beaufort
20%
4 499 Ossau-Iraty
20%
2 127 Pont-l'Evêque
12%
2 445 Chaource
10%
1 575 Neufchâtel
10%
1 829 Sainte-Maure de Touraine
10%
Aucun quiz correspondant
Distribution des résultats
% des personnes avec chaque résultat
Percentile par nombre de réponses
Votre historique - résultats
Vous n’avez pas pris ce quiz depuis la dernière actualisation